| 000 | 00887nam a2200253Ia 4500 | ||
|---|---|---|---|
| 003 | OSt | ||
| 005 | 20221005113219.0 | ||
| 006 | a|||||r|||| 00| 0 | ||
| 007 | ta | ||
| 008 | 221004b |||||||| |||| 00| 0 pan d | ||
| 020 | _cINR 125.00 | ||
| 024 | _a66110 | ||
| 037 |
_bSP/5346, 15/02/2020, Star Publications Pvt. Ltd. _cTextual |
||
| 040 |
_aCRL _cCRL _bpan |
||
| 041 |
_2pan _apan |
||
| 082 | _aU8, 153Q9 | ||
| 100 | _aਪਾਲ, ਜਮੀਨ ਅਹਿਮਦ, ਂਚ. | ||
| 245 | 0 | _aਲੰਡਨ ਲਾਹੌਰ ਵਰਗਾ ਏ | |
| 260 |
_aਪਟਿਆਲਾ _bਸੰਗਮ ਪਬਲੀਕੇFਨ ਭਾਰਤ _c2019 |
||
| 300 |
_a95ਪ੍ਰ0 _ccm. |
||
| 650 | _aਸਖ਼ਰਨਾਮਾ | ||
| 942 |
_hU8, 153Q9 _cTEXL _2cc |
||
| 999 |
_c1027415 _d1027415 |
||